[Event "Balatonalmadi Pannonia Cup 17th"]
[Site "Balatonalmadi"]
[Date "2012.07.25"]
[Round "1"]
[White "Eperjesi, Laszlo"]
[Black "Ozsgyani, Sandor"]
[Result "1-0"]
[WhiteElo "2230"]
[BlackElo "1895"]
[PlyCount "87"]
[EventDate "2012.07.25"]
[EventType "swiss"]
[EventRounds "7"]
[EventCountry "HUN"]
[SourceTitle "EXT 2016"]
[Source "ChessBase"]
[SourceDate "2015.10.08"]
[SourceVersion "1"]
[SourceVersionDate "2015.10.08"]
[SourceQuality "1"]

1. d4 g6 2. c4 Bg7 3. Nc3 d6 4. e4 Nh6 5. Nf3 0-0 6. Be2 f5 7. Bg5 Nf7 8. Be3 e5 9. exf5 Bxf5 10. dxe5 Nxe5 11. Qd5+ Kh8 12. Nxe5 Bxe5 13. Qxb7 Nd7 14. 0-0 Rb8 15. Qxa7 Rxb2 16. Bd4 c5 17. Bxe5+ Nxe5 18. Qa3 Rc2 19. Rac1 Rd2 20. Rfd1 Qg5 21. Rxd2 Qxd2 22. Rd1 Qf4 23. Nd5 Qe4 24. Ne3 Bg4 25. Bxg4 Nxg4 26. Nxg4 Qxg4 27. Qc3+ Kg8 28. f3 Qe6 29. a4 Ra8 30. a5 Kf7 31. Re1 Qf6 32. Qd2 Qd4+ 33. Qxd4 cxd4 34. Ra1 Ke6 35. Kf2 Kd7 36. Ke2 Kc6 37. Kd3 Kc5 38. a6 Ra7 39. Ra5+ Kb6 40. Ra2 Kc5 41. h4 h6 42. g4 d5 43. Ra5+ Kb6 44. Rxd5 1-0

[Event "HUN-chT2 Erkel 1112"]
[Site "Hungary"]
[Date "2012.05.20"]
[Round "11.5"]
[White "Kardos, Samson"]
[Black "Ozsgyani, Sandor"]
[Result "0-1"]
[WhiteElo "1724"]
[BlackElo "1873"]
[PlyCount "54"]
[EventDate "2011.09.25"]
[EventType "team-tourn"]
[EventRounds "11"]
[EventCountry "HUN"]
[SourceTitle "EXT 2013"]
[Source "ChessBase"]
[SourceDate "2012.11.22"]
[SourceVersion "1"]
[SourceVersionDate "2012.11.22"]
[SourceQuality "1"]
[WhiteTeam "Szigetszentmiklos"]
[BlackTeam "Paszto"]
[WhiteTeamCountry "HUN"]
[BlackTeamCountry "HUN"]

1. e4 c5 2. Nf3 a6 3. c3 e6 4. d4 cxd4 5. cxd4 Qc7 6. Bd3 d6 7. Nc3 Nc6 8. 0-0 Nf6 9. Re1 Be7 10. Qc2 b5 11. a3 Bb7 12. Bd2 Rc8 13. Rac1 Qb6 14. Be3 Ng4 15. Qe2 Nxe3 16. Qxe3 0-0 17. e5 dxe5 18. Nxe5 Nxe5 19. Qh3 Ng6 20. d5 Rxc3 21. Rxc3 Bxd5 22. Rec1 f5 23. Rc8 Bd8 24. g3 Ne5 25. Be2 Qb7 26. R8c2 Bb6 27. Bf1 Nf3+ 0-1

[Event "HUN-chT2 Erkel 1011"]
[Site "Hungary"]
[Date "2010.11.07"]
[Round "5.10"]
[White "Ozsgyani, Sandor"]
[Black "Fendrich, Zoltan"]
[Result "0-1"]
[WhiteElo "1821"]
[BlackElo "2036"]
[PlyCount "55"]
[EventDate "2010.09.12"]
[EventType "team-tourn"]
[EventRounds "11"]
[EventCountry "HUN"]
[SourceTitle "EXT 2012"]
[Source "ChessBase"]
[SourceDate "2011.11.24"]
[SourceVersion "1"]
[SourceVersionDate "2011.11.24"]
[SourceQuality "1"]
[WhiteTeam "Paszto"]
[BlackTeam "Vaci"]
[WhiteTeamCountry "HUN"]
[BlackTeamCountry "HUN"]

1. e4 Nf6 2. Nc3 e6 3. Nf3 b6 4. d4 Bb4 5. Bg5 h6 6. Bxf6 Qxf6 7. h3 Bxc3+ 8. bxc3 Bb7 9. Bd3 c5 10. 0-0 c4 11. e5 Bxf3 12. exf6 Bxd1 13. fxg7 Rg8 14. Bxc4 Bxc2 15. d5 Rxg7 16. f3 a5 17. a4 Na6 18. Ra2 Bh7 19. Rb2 Nc5 20. Rxb6 Nxa4 21. Rb7 Nxc3 22. dxe6 fxe6 23. Bxe6 Bg8 24. Re1 Bxe6 25. Rxe6+ dxe6 26. Rxg7 Ra6 27. Rc7 Nd5 28. Kf2 0-1

[Event "HUN-chT2 Erkel 0910"]
[Site "Hungary"]
[Date "2010.02.28"]
[Round "7.10"]
[White "Babucs, Illes"]
[Black "Ozsgyani, Sandor"]
[Result "0-1"]
[WhiteElo "1832"]
[BlackElo "1712"]
[PlyCount "66"]
[EventDate "2009.11.08"]
[EventType "team-tourn"]
[EventRounds "11"]
[EventCountry "HUN"]
[SourceTitle "EXT 2011"]
[Source "ChessBase"]
[SourceDate "2010.11.26"]
[SourceVersion "1"]
[SourceVersionDate "2010.11.26"]
[SourceQuality "1"]
[WhiteTeam "Jaszbereny"]
[BlackTeam "Paszto"]
[WhiteTeamCountry "HUN"]
[BlackTeamCountry "HUN"]

1. e4 c5 2. c3 d6 3. d4 cxd4 4. cxd4 Nf6 5. Nc3 a6 6. Nf3 Nbd7 7. Bc4 e6 8. 0-0 b5 9. Bb3 Bb7 10. Bc2 Qc7 11. a3 Be7 12. Re1 0-0 13. Bg5 Rfe8 14. Rc1 e5 15. Bb3 Qb6 16. Qd3 exd4 17. Qxd4 Nc5 18. Bc2 Rad8 19. Rcd1 Qc6 20. Nd5 Ne6 21. Nxe7+ Rxe7 22. Qd2 Nxg5 23. Nxg5 Rde8 24. f3 h6 25. Nh3 d5 26. Rc1 dxe4 27. fxe4 Nxe4 28. Bxe4 Qb6+ 29. Nf2 Rxe4 30. Rxe4 Rxe4 31. Kf1 Qf6 32. Kg1 Rd4 33. Qe2 Qg5 0-1